| 000 -LEADER |
| fixed length control field |
00716pam a2200205 a 4500 |
| 020 ## - INTERNATIONAL STANDARD BOOK NUMBER |
| ISBN |
0803960093 |
| 020 ## - INTERNATIONAL STANDARD BOOK NUMBER |
| ISBN |
0803960107 (pbk.) |
| 040 ## - CATALOGING SOURCE |
| Transcribing agency |
DLC |
| 082 00 - DEWEY DECIMAL CLASSIFICATION NUMBER |
| Classification number |
371 COR 1992 A012 Or. |
| 100 1# - MAIN ENTRY--AUTHOR NAME |
| Personal name |
Blase, Joseph. |
| 245 10 - TITLE STATEMENT |
| Title |
Bringing out the best in teachers : |
| Remainder of title |
what effective principals do / |
| 260 ## - PUBLICATION, DISTRIBUTION, ETC. (IMPRINT) |
| Place of publication |
Newbury Park, Calif. : |
| Name of publisher |
Corwin Press, |
| Year of publication |
c1992. |
| 300 ## - PHYSICAL DESCRIPTION |
| Number of Pages |
xx, 135 p. cm. |
| 650 #0 - SUBJECT ADDED ENTRY--TOPICAL TERM |
| Topical Term |
Teacher-principal relationships. |
| 700 1# - ADDED ENTRY--PERSONAL NAME |
| Personal name |
Kirby, Peggy C. |
| 856 42 - ELECTRONIC LOCATION AND ACCESS |
| Uniform Resource Identifier |
http://www.loc.gov/catdir/enhancements/fy0658/91032153-d.html |
| 856 41 - ELECTRONIC LOCATION AND ACCESS |
| Uniform Resource Identifier |
http://www.loc.gov/catdir/enhancements/fy0658/91032153-t.html |
| 856 42 - ELECTRONIC LOCATION AND ACCESS |
| Uniform Resource Identifier |
http://www.loc.gov/catdir/enhancements/fy0734/91032153-b.html |
| 942 ## - ADDED ENTRY ELEMENTS (KOHA) |
| Koha item type |
សៀវភៅភាសាអង់គ្លេស |
| 952 ## - LOCATION AND ITEM INFORMATION (KOHA) |
| Withdrawn status [LOCAL, KOHA] |
0 |